000 00627cam a22001934a 4500
005 20250605164402.0
008 250528s ||||||||||||||||||||||||d
035 _a24644
040 _aGR-AtMCL
_bgre
_dGR-AtMCL
_eAACR2
245 1 _aPhilippe Donce-Gay Deputy CEO and President, Marine and Offshore Division / Training and Education: Vested Interests
260 _c2018
300 _a112
520 _aBlockchain: A Force Awakens, Running with the Bulls, Remember your Training.
700 1 _aMunoz Tony
_99497
942 _cCR
710 2 _aThe Maritime Executive
_99838
999 _c9511
_d9511